<?xml version="1.0" encoding="UTF-8"?>
<collection xmlns="http://www.loc.gov/MARC21/slim">
 <record>
  <leader>     na                 </leader>
  <controlfield tag="001">INLIS000000000001562</controlfield>
  <controlfield tag="005">20220414012251</controlfield>
  <datafield tag="035" ind1=" " ind2=" ">
   <subfield code="a">0010-0422000689</subfield>
  </datafield>
  <datafield tag="245" ind1="1" ind2=" ">
   <subfield code="a">Matematika Gemar Berhitung :</subfield>
   <subfield code="b">Untuk Kelas 5 SD/MI /</subfield>
   <subfield code="c">Supardjo</subfield>
  </datafield>
  <datafield tag="100" ind1="0" ind2=" ">
   <subfield code="a">Supardjo</subfield>
  </datafield>
  <datafield tag="250" ind1=" " ind2=" ">
   <subfield code="a">1</subfield>
  </datafield>
  <datafield tag="300" ind1=" " ind2=" ">
   <subfield code="a">116 :</subfield>
   <subfield code="b">ilus ;</subfield>
   <subfield code="c">25 cm</subfield>
   <subfield code="e">buku</subfield>
  </datafield>
  <datafield tag="856" ind1=" " ind2=" ">
   <subfield code="a">Perpustakaan Ibnu Sina MIN 7 Blitar</subfield>
  </datafield>
  <datafield tag="260" ind1=" " ind2=" ">
   <subfield code="a">Sola :</subfield>
   <subfield code="b">PT Tiga Serangkai,</subfield>
   <subfield code="c">2004</subfield>
  </datafield>
  <datafield tag="082" ind1=" " ind2=" ">
   <subfield code="a">372.8</subfield>
  </datafield>
  <datafield tag="084" ind1=" " ind2=" ">
   <subfield code="a">372.8 SUP m</subfield>
  </datafield>
  <datafield tag="020" ind1=" " ind2=" ">
   <subfield code="a">979668580-9</subfield>
  </datafield>
  <datafield tag="600" ind1=" " ind2="4">
   <subfield code="a">Supardjo</subfield>
  </datafield>
  <controlfield tag="008">220414                g          0 ind  </controlfield>
  <datafield tag="990" ind1=" " ind2=" ">
   <subfield code="a">00000009146</subfield>
  </datafield>
  <datafield tag="990" ind1=" " ind2=" ">
   <subfield code="a">00000009147</subfield>
  </datafield>
  <datafield tag="990" ind1=" " ind2=" ">
   <subfield code="a">00000009148</subfield>
  </datafield>
  <datafield tag="990" ind1=" " ind2=" ">
   <subfield code="a">00000009149</subfield>
  </datafield>
  <datafield tag="990" ind1=" " ind2=" ">
   <subfield code="a">00000009150</subfield>
  </datafield>
  <datafield tag="990" ind1=" " ind2=" ">
   <subfield code="a">00000009151</subfield>
  </datafield>
  <datafield tag="990" ind1=" " ind2=" ">
   <subfield code="a">00000009152</subfield>
  </datafield>
  <datafield tag="990" ind1=" " ind2=" ">
   <subfield code="a">00000009153</subfield>
  </datafield>
  <datafield tag="990" ind1=" " ind2=" ">
   <subfield code="a">00000009154</subfield>
  </datafield>
  <datafield tag="990" ind1=" " ind2=" ">
   <subfield code="a">00000009155</subfield>
  </datafield>
  <datafield tag="990" ind1=" " ind2=" ">
   <subfield code="a">00000009156</subfield>
  </datafield>
  <datafield tag="990" ind1=" " ind2=" ">
   <subfield code="a">00000009157</subfield>
  </datafield>
  <datafield tag="990" ind1=" " ind2=" ">
   <subfield code="a">00000009158</subfield>
  </datafield>
  <datafield tag="990" ind1=" " ind2=" ">
   <subfield code="a">00000009159</subfield>
  </datafield>
  <datafield tag="990" ind1=" " ind2=" ">
   <subfield code="a">00000009160</subfield>
  </datafield>
 </record>
</collection>
